Départements français - SPRINT 300 sec. (AVEC CARTE) - Statistiques

Statistiques générales
  • Ce quiz a été pris 602 fois
  • Le résultat moyen est 85 sur 101
Réponses sur la Carte
Les réponses sont colorées sur une échelle allant du rouge au vert en fonction du pourcentage des utilisateurs qui les ont devinées à leur premier essai. Vous pouvez retrouver ces pourcentages ci-dessous.
 
Statistiques - réponses
Départements % Correct
42 Loire
98%
29 Finistère
96%
59 Nord
96%
01 Ain
94%
02 Aisne
93%
75 Paris
93%
56 Morbihan
92%
67 Bas-Rhin
91%
2B Haute-Corse
91%
68 Haut-Rhin
91%
14 Calvados
90%
2A Corse-du-Sud
90%
22 Côtes-d'Armor
90%
33 Gironde
90%
62 Pas-de-Calais
90%
16 Charente
89%
39 Jura
89%
45 Loiret
89%
50 Manche
89%
57 Moselle
89%
60 Oise
89%
69 Rhône (et métropole de Lyon)
89%
73 Savoie
89%
03 Allier
88%
27 Eure
88%
80 Somme
88%
78 Yvelines
88%
13 Bouches-du-Rhône
87%
74 Haute-Savoie
87%
40 Landes
87%
44 Loire-Atlantique
87%
06 Alpes-Maritimes
86%
17 Charente-Maritime
86%
35 Ille-et-Vilaine
86%
972 Martinique
86%
83 Var
86%
08 Ardennes
85%
11 Aude
85%
15 Cantal
85%
18 Cher
85%
973 Guyane
85%
974 La Réunion
85%
54 Meurthe-et-Moselle
85%
25 Doubs
84%
91 Essonne
84%
30 Gard
84%
971 Guadeloupe
84%
36 Indre
84%
38 Isère
84%
76 Seine-Maritime
84%
84 Vaucluse
84%
07 Ardèche
83%
28 Eure-et-Loir
83%
34 Hérault
83%
61 Orne
83%
66 Pyrénées-Orientales
83%
77 Seine-et-Marne
83%
10 Aube
82%
37 Indre-et-Loire
82%
46 Lot
82%
51 Marne
82%
55 Meuse
82%
64 Pyrénées-Atlantiques
82%
90 Territoire de Belfort
82%
23 Creuse
81%
24 Dordogne
81%
32 Gers
81%
31 Haute-Garonne
81%
41 Loir-et-Cher
81%
93 Seine-Saint-Denis
81%
81 Tarn
81%
85 Vendée
81%
86 Vienne
81%
12 Aveyron
80%
21 Côte-d'Or
80%
05 Hautes-Alpes
80%
53 Mayenne
80%
976 Mayotte
80%
88 Vosges
80%
19 Corrèze
79%
26 Drôme
79%
95 Val-d'Oise
79%
04 Alpes-de-Haute- Provence
78%
92 Hauts-de-Seine
78%
58 Nièvre
78%
94 Val-de-Marne
78%
09 Ariège
77%
79 Deux-Sèvres
77%
47 Lot-et-Garonne
77%
63 Puy-de-Dôme
77%
82 Tarn-et-Garonne
77%
43 Haute-Loire
76%
52 Haute-Marne
76%
65 Hautes-Pyrénées
76%
48 Lozère
76%
72 Sarthe
76%
87 Haute-Vienne
75%
89 Yonne
75%
70 Haute-Saône
74%
71 Saône-et-Loire
74%
49 Maine-et-Loire
71%
Aucun quiz correspondant
Distribution des résultats
% des personnes avec chaque résultat
Percentile par nombre de réponses
Votre historique - résultats
Vous n’avez pas pris ce quiz